Gramática sucinta de la lengua alemana / (Record no. 116694)

MARC details
000 -LEADER
campo de control de longitud fija 00597nam a2200205 i 4500
001 - NÚMERO DE CONTROL
campo de control 116694
003 - IDENTIFICADOR DE NÚMERO DE CONTROL
campo de control ES-MaACL
005 - FECHA Y HORA DE LA ÚLTIMA TRANSACCIÓN
campo de control 20230906190742.0
007 - CAMPO FIJO DE DESCRIPCIÓN FÍSICA--INFORMACIÓN GENERAL
campo de control de longitud fija t|
008 - DATOS DE LONGITUD FIJA--INFORMACIÓN GENERAL
campo de control de longitud fija 061121s1961 sp r ||||1| spa d
080 ## - NÚMERO DE LA CLASIFICACIÓN DECIMAL UNIVERSAL
Número de la Clasificación Decimal Universal 811.112.2(075.4)
100 1# - ENTRADA PRINCIPAL--NOMBRE DE PERSONA
Nombre de persona Otto, Emil.
9 (RLIN) 87950
245 10 - MENCIÓN DEL TÍTULO
Título Gramática sucinta de la lengua alemana /
Mención de responsabilidad, etc. Emil Otto, Enrique Ruppert.
250 ## - MENCION DE EDICION
Mención de edición 19ª ed.
260 ## - PUBLICACIÓN, DISTRIBUCIÓN, ETC.
Lugar de publicación, distribución, etc. Barcelona :
Nombre del editor, distribuidor, etc. Herder,
Fecha de publicación, distribución, etc. 1961.
300 ## - DESCRIPCIÓN FÍSICA
Extensión XXVII, 255 p. ;
Dimensiones 19 cm.
650 04 - PUNTO DE ACCESO ADICIONAL DE MATERIA--TÉRMINO DE MATERIA
Término de materia o nombre geográfico como elemento de entrada Lengua alemana-
Subdivisión de forma Métodos.
9 (RLIN) 14086
700 1# - ENTRADA AGREGADA--NOMBRE PERSONAL
Nombre de persona Ruppert, Enrique.
9 (RLIN) 101005
852 ## - LOCALIZACIÓN
Ubicación ES-MaACL
Número de control de estantería B-2094
Sublocalización o colección R.47590
Holdings
Estatus retirado Estado de pérdida Estado de daño No para préstamo Biblioteca de origen Biblioteca actual Ubicación en estantería Fecha de adquisición Fuente de adquisición Total de préstamos Signatura topográfica completa Código de barras Visto por última vez Precio de reemplazo Tipo de ítem Koha
        Biblioteca del Ateneo de Madrid Biblioteca del Ateneo de Madrid Sala Pardo Bazán 17/01/2008     B-2094 1121679 23/02/2023 23/02/2023 Libro impreso